000 00802nab a2200241u 4500
001 15733
003 HDC
007 c| |||a|c|aaaa
008 210218b20140415my ||||| |||| 00| 0 may d
040 _aHDC
100 _aMahanum Abdul Aziz /
_eauthor
_98098
245 0 _aKL sedia bantu Hong Kong /
_cMahanum Abdul Aziz
336 _atext
_2rdacontent
337 _acomputer
_2rdamedia
338 _aonline resource
_2rdacarrier
650 _aCentral Bank of Malaysia
_915818
650 _aHong Kong Monetary Authority (HKMA)
_915817
710 _aBERITA HARIAN
856 _zRequest full-text at [email protected]
942 _2lcc
942 _cNEWS
942 _kNWSC 003730
999 _c13049
_d13049